Zahraničnoobchodné vzťahy integračných zoskupení ASEAN a MERCOSUR bakalárska práca

Guardado en:
Detalles Bibliográficos
Autor principal: Mištrík, Ján
Autor Corporativo: Obchodná fakulta EU. Katedra medzinárodného obchodu
Otros Autores: Baumgartner, Boris
Formato: Libro
Lenguaje:eslovaco
Publicado: Bratislava 2018
Etiquetas: Agregar Etiqueta
Sin Etiquetas, Sea el primero en etiquetar este registro!

MARC

LEADER 00000nbm a2200000 4500
001 0245095
005 20180926143828.6
041 0 |a slo 
044 |a SK 
245 1 0 |a Zahraničnoobchodné vzťahy integračných zoskupení ASEAN a MERCOSUR  |b bakalárska práca  |c Ján Mištrík ; školiteľ: Boris Baumgartner 
264 1 |a Bratislava  |c 2018 
300 |a 41 s. 
100 1 |a Mištrík, Ján 
700 1 |a Baumgartner, Boris 
710 2 |a Obchodná fakulta EU. Katedra medzinárodného obchodu